00797nam a2200205 a 450000100100000000500170001000800410002704000250006808200180009310000440011124500490015526000620020430000210026665000290028765000310031691000370034704900090038495201810039399900170057400001200320200929162643.0091103t1948 dr 001 p spa d aDO-SdBNPbspacBNPHU a861.64bA816t1 aAsensio Melero, Reinaldo,d1902-92840610aTiempo :bversos /cReinaldo Asensio Melero. aCiudad Trujillo, República Dominicana :bStella,c1948. a155 p. ;c25 cm. 4aPoesía española9631 4aLiteratura española9632 aValidado. Control de calidad EMS aBNPD 0010718PDaPDbPDcHDd2009-11-03iLF1l0o861.64 A816tp12003-10r2020-06-25w2020-06-25yLFPDzEjemplar dedicado por el autor al presidente Rafael L. TrujilloZNo se presta c11671d11671